Satellite Communication (Record no. 233804)

MARC details
000 -LEADER
fixed length control field 00454nam a2200193Ia 4500
008 - FIXED-LENGTH DATA ELEMENTS--GENERAL INFORMATION
fixed length control field 240823s9999||||xx |||||||||||||| ||und||
082 ## - DEWEY DECIMAL CLASSIFICATION NUMBER
-- 621.3825 Q8
100 ## - MAIN ENTRY--PERSONAL NAME
Personal name Balaji L
245 #0 - TITLE STATEMENT
Title Satellite Communication
250 ## - EDITION STATEMENT
Edition statement 3rd
260 ## - PUBLICATION, DISTRIBUTION, ETC. (IMPRINT)
Date of publication, distribution, etc 2018
Name of publisher, distributor, etc ARS Publica
500 ## - GENERAL NOTE
General note YES
650 ## - SUBJECT ADDED ENTRY--TOPICAL TERM
Topical term or geographic name as entry element Satellite Communications
700 ## - ADDED ENTRY--PERSONAL NAME
Personal name Dhanalakshmi A
942 ## - ADDED ENTRY ELEMENTS (KOHA)
Item type Books
Holdings
Withdrawn status Lost status Damaged status Permanent location Current location Date acquired Source of acquisition Cost, normal purchase price Full call number Barcode Date last seen Koha item type
      CENTRAL LIBRARY, NOORUL ISLAM CENTRE FOR HIGHER EDUCATION CENTRAL LIBRARY, NOORUL ISLAM CENTRE FOR HIGHER EDUCATION 01/19/2021 J R Book Agencies 200.00 621.3825 Q8 81684 08/23/2024 Books
Visitors:
Copyright © 2024 Central Library NICHE.  All rights reserved.